Länder, die mit D enden - Statistiken

Allgemein
  • Dieses Quiz wurde 1.211 mal gespielt
  • Das Durchschnittsergebnis liegt bei 7 aus 11
Antwortstatistiken
Land % Korrekt
Deutschland
99%
Estland
80%
Finnland
80%
Russland
79%
Lettland
76%
Irland
70%
Island
69%
Griechenland
66%
Thailand
52%
Neuseeland
50%
Tschad
26%
Keine übereinstimmenden Quizze gefunden
Verteilung der Resultate
Anzahl Personen mit jedem Resultat
Perzentil nach korrekt beantworteten Fragen
Ihre Resultats-Entwicklung
Sie haben dieses Quiz noch nicht gespielt